Stadtteile deutscher Städte - Statistiken

Allgemein
  • Dieses Quiz wurde 779 mal gespielt
  • Das Durchschnittsergebnis liegt bei 9 aus 12
Antwortstatistiken
Stadtteil Stadt % Korrekt
St. Pauli Hamburg
100%
Köpenick Berlin
92%
Schalke Gelsenkirchen
91%
Schwabing München
91%
Bad Cannstatt Stuttgart
79%
Waldhof Mannheim
75%
Babelsberg Potsdam
75%
Warnemünde Rostock
72%
Wattenscheid Bochum
68%
Uerdingen Krefeld
61%
Gallus Frankfurt am Main
54%
Lerchenberg Mainz
46%
Keine übereinstimmenden Quizze gefunden
Verteilung der Resultate
Anzahl Personen mit jedem Resultat
Perzentil nach korrekt beantworteten Fragen
Ihre Resultats-Entwicklung
Sie haben dieses Quiz noch nicht gespielt